[Event "11th KIIT Festival 2018"]
[Site "Bhubaneswar"]
[Date "2018.05.30"]
[Round "8"]
[White "Amonatov, Farrukh"]
[Black "Viani Antonio Dcunha"]
[Result "1-0"]
[WhiteElo "2608"]
[BlackElo "2424"]
[Annotator "TA"]
[PlyCount "101"]
[EventDate "2018.??.??"]
[EventType "swiss"]
[EventCountry "IND"]
[SourceTitle "playchess.com"]
[Source "ChessBase"]
[SourceQuality "1"]

{[%evp 20,101,40,19,39,0,14,23,14,14,32,31,35,19,38,15,12,0,0,0,0,-35,49,73,65,54,41,51,45,58,72,66,40,0,33,0,0,0,21,0,0,0,0,0,0,-211,-207,-214,-213,-193,-198,-185,-182,-210,402,404,665,597,662,661,653,647,643,327,337,0,638,609,643,639,639,638,638,638,887,887,887,887,887,871,864,843,29983,29984]} 1. e4 c5 2. Nf3 e6 3. d4 cxd4 4. Nxd4 a6 5. Bd3 Bc5 6. Nb3 Ba7 7. Qe2 Nc6 8. Be3 Bxe3 9. Qxe3 d6 {B42: Sizilianisch (Paulsen-Variante)} 10. f4 Nf6 11. Nc3 {LiveBook: 13 Partien} e5 {Die Stellung ist ausgeglichen.} 12. g3 $146 ({Vorgänger:} 12. O-O-O Be6 13. h3 Rc8 14. g4 O-O 15. Kb1 exf4 16. Qxf4 Qc7 {½-½ (41) Mastrovasilis,D (2613)-Damljanovic,B (2572) Valjevo 2012}) 12... O-O 13. O-O-O b5 14. Kb1 Re8 15. f5 Bb7 {[#]} 16. g4 $1 {[%mdl 512]} Nxg4 17. Qg3 Nf6 $1 18. Rhg1 {[%csl Gg1][%cal Rg3g7]} g6 $1 19. Nd5 Kh8 $1 20. Nd2 Nd4 (20... Nh5 $15 21. Qe3 Ne7) 21. Nxf6 $14 Qxf6 22. c3 Nc6 23. Rdf1 Rg8 {...gxf5 ist eine echte Drohung.} 24. fxg6 Qxg6 25. Qf2 $1 Qe6 $1 26. Nf3 {Schwarz muss nun Sg5 beachten.} Rxg1 27. Qxg1 {Und Sg5 würde nun gewinnen.} f6 28. Qb6 Qd7 29. Nh4 Ne7 $1 30. Rxf6 Qg4 $1 {[%csl LRe4,LRh4][%cal Rg4d1]} 31. Nf3 Bxe4 32. Qxd6 $2 (32. Qe3 $11 Bxf3 33. Rxf3) 32... Bxf3 $19 33. b3 Be4 {Droht ...Dd1+ und aus.} 34. Qxe7 Bxd3+ 35. Kb2 Rg8 36. Rf8 e4 $4 {[%mdl 8192] [#]} (36... Qg2+ $19 {und alles wird gut.} 37. Ka3 Qg7 38. Rxg8+ Kxg8 39. Qe6+ Qf7 40. Qxe5 Bb1) 37. Rf7 $1 $18 {[%csl Ge7][%cal Rf7h7]} Qg2+ (37... Qg6 $142 38. Qe5+ {[#]} Qg7 $1 {[%mdl 512]} 39. Rxg7 Rxg7) 38. Ka3 {[%csl Ge7][%cal Rf7h7]} Qg6 {Und weiter mit ...h6 wäre nett.} 39. Qe5+ Qg7 40. Rxg7 Rxg7 {[%mdl 4096] Endspiel KD-KTL} 41. Qb8+ Rg8 42. Qe5+ $2 (42. Qd6) 42... Rg7 43. Kb4 h6 44. c4 bxc4 45. bxc4 {[%cal Bb3c4,Bc4c5][%mdl 32]} Kh7 46. c5 Bb5 47. Qxe4+ Rg6 48. h4 h5 49. Qf5 Kh6 50. Ka5 Be8 51. Qf8+ {Precision: Weiß = 71%, Schwarz = 46%.} 1-0

[Event "11th KIIT Festival 2018"]
[Site "Bhubaneswar"]
[Date "2018.05.30"]
[Round "8"]
[White "Sandipan, Chanda"]
[Black "Dixit, Nikhil"]
[Result "*"]
[WhiteElo "2573"]
[BlackElo "2271"]
[Annotator "TA"]
[PlyCount "55"]
[EventDate "2018.??.??"]
[EventType "swiss"]
[EventCountry "IND"]
[SourceTitle "playchess.com"]
[Source "ChessBase"]
[SourceQuality "1"]

{[%evp 16,55,34,30,55,59,48,50,77,69,77,70,76,72,93,62,95,60,51,29,46,33,36,12,20,16,12,5,6,-188,-188,-164,-188,-177,-168,-168,-150,-148,-155,-157,-143,-195]} 1. d4 Nf6 2. c4 g6 3. Nc3 Bg7 4. e4 d6 5. Be2 O-O 6. Bg5 Na6 7. Nf3 h6 8. Be3 {E91: Königsindisch (Klassisches System)} e5 9. O-O {LiveBook: 36 Partien} exd4 (9... Ng4 10. Bc1 c6 11. d5 f5 12. g3 f4 13. Nh4 g5 14. Bxg4 gxh4 15. gxf4 exf4 16. Kh1 Be5 17. Rg1 Kh7 18. Bd2 Qf6 19. Bh5 Rg8 20. Rxg8 Kxg8 21. Qf3 {1-0 (21) Sandipan,C (2566)-Bogdanovich,S (2564) Sanya City 2017}) 10. Nxd4 {Weiß steht etwas besser.} Nc5 11. f3 Ne6 12. Qd2 Kh7 13. Rad1 $146 ({Vorgänger:} 13. Nb3 b6 14. Rfd1 Bb7 15. Rac1 Ng8 16. Nd4 {1-0 (40) Szmacinska,G (2075)-Kowalska,E (1925) Porabka 1986}) 13... Nxd4 14. Bxd4 Be6 15. f4 c5 16. Bxf6 Bxf6 17. Kh1 Bxc3 18. Qxc3 {Und f5 würde nun gewinnen.} Qe7 $1 19. f5 Bd7 {[%cal Be6d7,Bd7c6,Bc6e4,Be4g2][%mdl 32]} 20. Qg3 Bc6 21. Rxd6 Bxe4 22. f6 $2 {[#]} (22. Bd3 $11 {und Weiss steht sicher.} Rae8 23. Kg1 (23. fxg6+ fxg6 24. Rxf8 Qxf8 $11)) 22... Bxg2+ $1 $19 {[%mdl 512] Schwarz steht deutlich besser.} 23. Kg1 (23. Qxg2 Qxd6) 23... Qxe2 {[%csl Gg2][%cal Re2f1]} 24. Qxg2 Qxc4 25. b3 Qh4 26. Qxb7 Rae8 {( -> ...Te2)} 27. Rd7 {[#]} Kg8 $1 {Droht ...Te2 und aus.} 28. Qf3 {Precision: Weiß = 49%, Schwarz = 76%.} (28. Re7 $17) *

[Event "11th KIIT Festival 2018"]
[Site "Bhubaneswar"]
[Date "2018.05.30"]
[Round "8"]
[White "Tukhaev, Adam"]
[Black "Karthik Venkataraman"]
[Result "0-1"]
[WhiteElo "2551"]
[BlackElo "2457"]
[Annotator "TA"]
[PlyCount "110"]
[EventDate "2018.??.??"]
[EventType "swiss"]
[EventCountry "IND"]
[SourceTitle "playchess.com"]
[Source "ChessBase"]
[SourceQuality "1"]

{[%evp 15,110,11,42,3,0,-22,8,-45,-41,-65,-37,-89,-73,-71,-79,-48,-29,-78,38,-77,-75,-87,-88,-86,-69,-76,-62,-57,-50,-92,0,-59,0,0,56,0,0,0,11,-15,-11,-27,-25,-50,-47,-62,-68,-153,-144,-144,-145,-179,-170,-180,-197,-248,-245,-233,-228,-199,-91,-151,-158,-147,-148,-148,-61,-80,-80,-92,-95,-92,-112,-99,-97,-405,-395,-500,-484,-631,-621,-882,-820,-1163,-1120,-5585,-977,-970,-970,-1281,-1223,-1064,-1054,-1460,-1210,-5065,-1927]} 1. e4 c5 2. Nf3 d6 3. d4 Nf6 4. Nc3 cxd4 5. Nxd4 a6 6. h3 e5 7. Nb3 Be6 {B90: Sicilian Najdorf: Unusual White 6th moves, 6 Be3 Ng4 and 6 Be3 e5} 8. f4 Be7 {LiveBook: 9 Games} 9. g3 $146 (9. f5 $5 {[%cal Rf5e6]} Bd7 10. Be3 $11) ({Predecessor:} 9. f5 Bd7 10. Be3 b5 11. Qf3 b4 12. Nd5 Nxd5 13. exd5 Bg5 14. Bxg5 Qxg5 15. Bd3 {0-1 (40) Grandelius,N (2632)-Giri,A (2784) Doha 2015}) 9... b5 {The position is equal.} 10. f5 Bc8 11. a4 (11. a3 $11) 11... Bb7 $15 12. Bg2 Nbd7 13. Be3 (13. Nd5 $15) 13... O-O $17 14. O-O b4 15. Nd5 a5 16. Qd2 h6 ({Black should play} 16... Nxd5 $17 17. exd5 Bf6) 17. Rfd1 (17. Nxe7+ $14 {was the only good move.} Qxe7 18. Nxa5 Rxa5 19. Qxb4) 17... Nxd5 18. exd5 Bg5 19. Bxg5 Qxg5 20. Qxg5 hxg5 21. Nd2 $1 Rfc8 22. Ne4 Ra6 ({Black should try} 22... Rxc2 $17 23. Rac1 Rac8) 23. c3 (23. Nxg5 $11 Rxc2 24. Rac1) 23... bxc3 (23... Nc5 $15) 24. bxc3 $11 Rc4 (24... Rb6 $11) 25. Nxg5 (25. Rab1 $14 Bc8 26. Nxg5 Rxa4 27. Bf1) 25... Rxc3 26. Rab1 Rc7 27. Rb5 Kf8 28. Rdb1 Bc8 29. g4 Ke7 30. Bf1 Nf6 31. Rb8 (31. Nf3 $1 $15) 31... Raa7 $17 32. Rd1 Bb7 33. Bg2 Ra8 34. Rxa8 Bxa8 35. Rb1 (35. Nf3 {was necessary.}) 35... Bxd5 $19 36. Bxd5 Nxd5 {[%mdl 4096] Endgame KRN-KRN} 37. Rb5 Rc5 (37... Nf4 $19 {and Black stays clearly on top. Threatens to win with ...f6.} 38. h4 d5) 38. Rxc5 (38. Rb7+ $142 Rc7 39. Rxc7+ Nxc7 40. Ne4) 38... dxc5 $17 {KN-KN} 39. Ne4 c4 {[#] And now ...c3 would win.} 40. Kf2 c3 (40... Nb6 $17 41. Nc3 Kd6) 41. Ke2 Nf4+ 42. Ke3 Nxh3 43. Kd3 Kd7 44. Kxc3 Kc6 45. Kc4 $2 {[%mdl 8192] [#]} (45. Nd2 $17) 45... f6 $1 $19 46. Nc5 Nf2 {Black is clearly winning.} 47. Ne6 Nxg4 48. Nxg7 Ne3+ 49. Kd3 Nd5 50. Kc4 Nb6+ (50... Nf4 $142 51. Kc3 Kd7) 51. Kb3 Kd5 52. Nh5 Nd7 53. Kc3 Ke4 54. Kc4 Kxf5 55. Kb5 Kg4 {Precision: White = 27%, Black = 64%.} 0-1

[Event "11th KIIT Festival 2018"]
[Site "Bhubaneswar"]
[Date "2018.05.30"]
[Round "8"]
[White "Ghosh, Diptayan"]
[Black "Debashis, Das"]
[Result "1/2-1/2"]
[WhiteElo "2536"]
[BlackElo "2522"]
[Annotator "TA"]
[PlyCount "52"]
[EventDate "2018.??.??"]
[EventType "swiss"]
[EventCountry "IND"]
[SourceTitle "playchess.com"]
[Source "ChessBase"]
[SourceQuality "1"]

{[%evp 25,52,49,47,45,40,50,50,45,70,64,68,60,137,37,51,39,56,55,65,65,65,39,69,0,66,0,65,0,60]} 1. c4 f5 2. g3 Nf6 3. Bg2 g6 4. Nc3 Bg7 5. d4 O-O 6. Nh3 d6 7. d5 Na6 8. O-O e5 9. dxe6 Nc5 10. Nf4 c6 11. Qc2 Qe7 {A86: Dutch Defence: Leningrad System: Unusual lines and 5 Nh3} 12. b3 Nxe6 13. Nxe6 Bxe6 {LiveBook: 3 Games. White is slightly better.} 14. Ba3 Rad8 15. Rad1 Ng4 16. e3 {[#]} g5 $146 ({Predecessor:} 16... Rfe8 17. Ne2 Qc7 18. Rd2 Be5 19. Rfd1 {1-0 (95) Jakobetz,L (2470)-Reppmann,D (2595) ICCF corr 1997}) 17. Ne2 Ne5 18. Bb2 Bf7 ({Better is} 18... h5 $14) 19. Rde1 (19. f4 $16) 19... Rde8 20. Qd2 Bh5 21. f4 gxf4 22. Nxf4 Bg6 23. Rd1 Rd8 24. Rde1 Rde8 25. Rd1 Rd8 26. Rde1 Rde8 {Precision: White = 57%, Black = 56%.} 1/2-1/2

[Event "11th KIIT Festival 2018"]
[Site "Bhubaneswar"]
[Date "2018.05.30"]
[Round "8"]
[White "Deviatkin, Andrei"]
[Black "Mitrabha, Guha"]
[Result "1-0"]
[WhiteElo "2467"]
[BlackElo "2375"]
[Annotator "TA"]
[PlyCount "120"]
[EventDate "2018.??.??"]
[EventType "swiss"]
[EventCountry "IND"]
[SourceTitle "playchess.com"]
[Source "ChessBase"]
[SourceQuality "1"]

{[%evp 17,120,28,20,7,12,0,19,19,30,30,35,18,35,12,21,0,0,0,0,0,0,0,0,-20,-25,-38,9,20,13,18,50,-68,60,37,155,125,119,120,144,145,148,126,192,172,179,188,180,188,181,188,179,173,158,171,216,218,284,279,370,367,341,239,225,235,204,202,244,243,216,216,209,216,216,216,216,216,176,176,156,166,306,252,306,285,216,220,216,219,186,180,178,149,149,149,148,79,84,84,82,58,666,643,575,568,5600]} 1. Nf3 Nf6 2. g3 d5 3. Bg2 c6 4. c4 dxc4 5. Qc2 Nbd7 6. O-O Nb6 7. Na3 g6 {A11: Reti-Eröffnung} 8. Nxc4 Nxc4 9. Qxc4 Bg7 {LiveBook: 43 Partien. Weiß hat minimalen Vorteil.} 10. Qc2 O-O $146 ({Vorgänger:} 10... a5 11. b3 a4 12. Bb2 axb3 13. axb3 Bf5 14. d3 O-O 15. b4 {½-½ (61) Dominguez Perez,L (2712)-Stefanova,A (2531) San Sebastian 2011}) 11. b3 Be6 12. Bb2 Qa5 13. Bc3 Qa6 14. d3 c5 15. Qb2 Rac8 16. Rac1 Bh6 17. Bd2 Bg7 18. Qb1 Rfd8 19. Bc3 Bh6 20. Rcd1 Nd5 21. Ba1 Qa3 22. d4 c4 23. bxc4 Rxc4 24. e4 (24. Rd3 $1 $14 Qa6 25. e4) 24... Rb4 (24... Nc3 $15 25. Bxc3 Rxc3) 25. Rd3 $1 $14 {[%cal Rd3a3]} Qa5 (25... Rxb1 $14 26. Rxa3 Rxf1+ 27. Bxf1 Nf6) 26. Qe1 Nb6 27. Bc3 Qb5 28. Bxb4 Qxd3 29. d5 Bd7 (29... Bc8 $16) 30. Bxe7 Re8 31. Ne5 $36 {[%mdl 2048] Schwarz muss aufpassen.} Qd4 32. Nxd7 Rxe7 33. Nxb6 Qxb6 34. Qb1 Qxb1 35. Rxb1 $18 {[%mdl 4096] Endspiel KTL-KTL} Rc7 36. f4 {zielt auf d6 ab.} g5 37. d6 Rd7 38. e5 gxf4 39. Bh3 ({Jedoch nicht} 39. Bxb7 fxg3 40. hxg3 Bg7 $18) ({Weniger gut wäre} 39. Rxb7 Rxb7 40. Bxb7 fxg3 $14) 39... Rd8 40. Rxb7 fxg3 41. hxg3 Be3+ 42. Kg2 Bd4 43. Re7 Kf8 44. Kf3 Re8 45. Rb7 Bxe5 46. d7 ({Schwächer ist} 46. Rxa7 Bxd6 47. Bf5 Re1 $11) 46... Rd8 47. Rxa7 Ke7 48. a4 Bd4 (48... Rb8 $142 49. a5 Kd8) 49. Rb7 Bc3 50. Rc7 Ba5 51. Rc5 Bb6 52. Rc6 Ba5 53. Rh6 Rb8 54. Bf5 Rb3+ 55. Kg2 Rb2+ 56. Kh3 (56. Kf1 $142) 56... Rf2 $16 57. Kg4 Ra2 58. Ra6 Rxa4+ $2 {[%mdl 8192] [#]} (58... Bd8 $14) 59. Kh3 $1 $18 Ra1 {und die Idee ...Lc3 ließe Schwarz weiter hoffen.} 60. Ra8 Kf6 {Precision: Weiß = 72%, Schwarz = 48%.} 1-0

[Event "11th KIIT Festival 2018"]
[Site "Bhubaneswar"]
[Date "2018.05.30"]
[Round "8"]
[White "Nguyen, Van Huy"]
[Black "Pranav V"]
[Result "1/2-1/2"]
[WhiteElo "2462"]
[BlackElo "2265"]
[Annotator "TA"]
[PlyCount "165"]
[EventDate "2018.??.??"]
[EventType "swiss"]
[EventCountry "IND"]
[SourceTitle "playchess.com"]
[Source "ChessBase"]
[SourceQuality "1"]

{[%evp 18,165,10,0,13,16,20,26,40,22,24,19,29,20,22,23,35,31,25,22,34,35,25,18,20,13,22,12,42,15,19,0,0,-7,7,0,0,0,0,0,2,0,0,0,0,-27,15,15,15,15,16,16,16,16,18,17,18,5,8,8,19,0,5,5,4,8,12,8,9,16,93,9,13,13,13,13,12,12,16,18,16,8,20,8,8,8,14,0,0,0,0,0,0,0,0,0,-8,-40,0,-8,-8,-89,-89,-89,-88,-88,-88,-88,-89,-89,-83,-108,-109,-129,-93,-129,-129,-131,-137,-100,-101,-138,-136,-182,-109,-150,-144,-162,-162,-162,-138,-150,-130,-201,-89,-110,-117,-122,-97,-97,-97,-97,-93,-97,-8,-8,-8,-8,-8,-8]} 1. d4 Nf6 2. c4 e6 3. g3 Bb4+ 4. Nd2 O-O 5. Ngf3 {[%cal Bg1f3,Bf3e5,Be5d7][%mdl 32]} d5 6. Bg2 b6 7. O-O Bb7 8. cxd5 exd5 9. Ne5 Nbd7 10. Ndf3 {LiveBook: 21 Games. E16: Queen's Indian: 4 g3 Bb7 5 Bg2 Bb4+} (10. Qa4 Qe7 11. Ndf3 Bd6 12. Nxd7 Nxd7 13. Bf4 Bxf4 14. gxf4 c5 15. e3 Rfc8 16. Rfd1 c4 17. a3 Bc6 {0-1 (49) Melkumyan,H (2619)-Matlakov,M (2707) Karlsruhe 2017}) 10... Ne4 11. Bf4 Bd6 12. Rc1 c5 13. Nxd7 Bxf4 $146 ({Predecessor:} 13... Qxd7 14. Bxd6 Qxd6 15. dxc5 bxc5 16. Nd2 Nf6 17. Qc2 Rac8 {0-1 (35) Narciso Dublan,M (2476)-Campos Moreno,J (2443) Sitges 2005}) 14. Nxf8 Bxc1 15. Qxc1 Qxf8 16. dxc5 bxc5 17. Nd2 Nf6 18. Qc2 h6 19. Rc1 Rc8 20. Nb3 {[%cal Rb3c5]} Ba6 21. Bf3 {[%cal Rb3c5]} Bc4 22. Nd2 {[%cal Bb3d2,Bd2f1,Bf1e3][%mdl 32]} Ba6 23. Qa4 Qd6 24. Nf1 Qb6 25. b3 c4 26. Ne3 cxb3 27. Rxc8+ Bxc8 28. axb3 Bd7 29. Qa3 Be6 30. Qa4 Bd7 31. Qa1 Qxb3 32. Qxa7 Bh3 33. Qa1 Be6 34. Kg2 Kh7 35. Qd4 Kg8 36. h4 Qb7 37. g4 Qe7 38. Qf4 ({Reject} 38. Nxd5 Bxd5 39. Bxd5 Qd7 $17) 38... Qd8 39. Qd4 Qe7 40. Kg3 (40. Nxd5 Bxd5 41. Bxd5 Qd7 $17) 40... Qc7+ 41. Qf4 Qe7 42. Qb8+ Kh7 43. Qe5 {[%cal Re3d5]} Nd7 (43... Qc5 $11) 44. Qd4 ({Much worse is} 44. Nxd5 Qxh4+ 45. Kxh4 Nxe5 $11) (44. Qc7 $16) 44... Nf6 45. g5 hxg5 46. hxg5 Nd7 47. Qf4 Kg6 48. Kh4 f6 {[%cal Rf6g5]} 49. Bh5+ Kh7 50. g6+ Kg8 51. Kg3 Nf8 52. Kh2 Qc5 {[#] White must now prevent ...d4.} 53. Bg4 d4 $36 {[%mdl 2048] Black has some pressure.} 54. Bxe6+ Nxe6 55. Qb8+ Nf8 56. Qb3+ Kh8 57. Nd5 d3 58. Qxd3 Qxf2+ 59. Kh1 (59. Kh3 $1 $11) 59... Qh4+ $17 60. Kg2 {Threatens to win with Qf5.} Qg5+ 61. Kf2 Nxg6 62. Qh3+ Kg8 63. Qe6+ Kh7 64. e3 Qh4+ 65. Ke2 Qh2+ 66. Kd1 Qh1+ 67. Kd2 Qg2+ 68. Kc3 Qf1 69. Kb4 Ne5 70. Ka5 Qa1+ (70... Kh6 $19 71. Kb6 Qc4 72. Qh3+ Kg6 73. Nf4+ Kf7 74. Qh5+ Ke7 75. Ng6+ Nxg6 76. Qxg6 Qf7) 71. Kb5 Qb2+ 72. Ka6 Qa2+ 73. Kb7 Qb3+ 74. Kc7 {Nxf6+! is the strong threat.} Qc4+ 75. Kb7 {[#]} (75. Kd8 $17) 75... Qg4 (75... Kh6 $1 $19 {is more deadly. Strongly threatening ...Kg5.} 76. Qh3+ Kg6 77. Nf4+ Kf7 78. Qh5+ Ke7 79. Ng6+ Nxg6 80. Qxg6 Kf8) 76. Nxf6+ gxf6 77. Qxf6 Qe4+ 78. Kc7 Qc4+ ({Much weaker is} 78... Qxe3 $6 79. Qe7+ Kh6 80. Qe6+ Kg5 81. Kd6 $11) 79. Kd6 Nf7+ 80. Ke7 Qc7+ (80... Nh8 $17) 81. Kf8 $11 {[%csl Gf8][%cal Rf6g7] The position is equal.} Nh6 {( -> ...Qc8+)} 82. Qe7+ Qxe7+ 83. Kxe7 {Precision: White = 51%, Black = 60%.} 1/2-1/2

[Event "11th KIIT Festival 2018"]
[Site "Bhubaneswar"]
[Date "2018.05.30"]
[Round "8"]
[White "Laxman, R R"]
[Black "Sahoo, Utkal Ranjan"]
[Result "1-0"]
[WhiteElo "2444"]
[BlackElo "2281"]
[Annotator "TA"]
[PlyCount "155"]
[EventDate "2018.??.??"]
[EventType "swiss"]
[EventCountry "IND"]
[SourceTitle "playchess.com"]
[Source "ChessBase"]
[SourceQuality "1"]

{[%evp 15,155,13,16,0,0,0,0,-18,0,0,0,0,0,0,17,3,0,0,25,-4,-5,-14,40,34,37,39,23,0,7,4,85,72,58,68,61,46,31,25,25,30,30,21,45,44,78,74,68,68,87,60,60,53,59,61,62,65,96,92,135,126,179,187,224,224,226,214,221,217,300,223,225,250,234,235,261,255,250,197,197,215,240,233,233,94,94,8,8,8,8,8,37,39,39,39,1069,912,1981,1102,29958,29962,29965,29967,29967,29969,29966,29969,29971,29972,29972,29973,29973,29974,29974,29975,29974,29976,29977,29977,29978,29974,29974,29976,29976,29977,29977,29977,29977,29978,29978,29979,29980,29981,29981,29982,29982,29983,29984,29985,29986,29982,29987,29988]} 1. d4 Nf6 2. c4 e6 3. g3 d5 4. Nf3 Bb4+ 5. Bd2 Be7 6. Bg2 O-O 7. O-O c6 8. Bf4 Nbd7 {LiveBook: 211 Games. E11: Bogo-Indian} 9. Qd3 (9. Nc3 b6 10. cxd5 exd5 11. Rc1 Bb7 12. Qc2 Re8 13. Rfd1 Nf8 14. e4 dxe4 15. Ne5 Nd5 16. Nxe4 Ne6 17. Be3 Rc8 18. Qb3 Bf8 19. Nc3 Nxe3 20. fxe3 Rc7 21. Kh1 {1-0 (54) Dominguez Perez,L (2739)-Caruana,F (2807) Saint Louis 2017}) 9... b6 10. cxd5 Nxd5 $146 {The position is equal.} ({Predecessor:} 10... cxd5 11. Nc3 Bb7 12. Nd2 Nh5 13. Rac1 Nxf4 14. gxf4 Nf6 15. e3 Rc8 16. f5 exf5 17. Qxf5 {0-1 (36) David,A (2622)-Tukhaev,A (2518) Kavala 2010}) 11. Bd2 a5 12. Nc3 Ba6 13. Qc2 Rc8 14. Rfe1 Nb4 15. Qb1 c5 16. a3 cxd4 17. Nxd4 Nf6 18. Nf3 Nc6 (18... Nbd5 $11) 19. Rd1 $14 Qc7 20. Bf4 Qa7 21. Ng5 h6 22. Nge4 e5 (22... g5 $11 {remains equal.} 23. Bd6 Rfd8) 23. Bxh6 $16 Nd4 24. Be3 $36 {[%mdl 2048] White fights for an advantage.} Bxe2 25. Nxe2 Nxe2+ 26. Kh1 Rfd8 27. Nxf6+ Bxf6 28. Qe4 Qc7 29. Qg4 Rxd1+ 30. Rxd1 Nd4 31. Be4 Rd8 32. h4 (32. Rc1 {keeps more tension.} Qd6 33. h4 b5 34. Kg2 Kf8 35. h5) 32... Qc8 33. Qxc8 Rxc8 34. Kg2 Kf8 35. h5 b5 36. g4 Be7 37. f4 Nc2 (37... Ne6 $16 {keeps fighting.}) 38. Bf2 $18 b4 39. axb4 $1 ({Resist} 39. fxe5 $6 bxa3 40. bxa3 Nxa3 $14) 39... Nxb4 40. fxe5 Rc4 41. Kf3 a4 42. Rd7 {aiming for Rb7.} Nc6 43. Bxc6 $1 Rxc6 {[%mdl 4096] Endgame KRB-KRB} 44. Ra7 {Black must now prevent Ra8+.} Bc5 45. Ra8+ ({Don't take} 45. Rxa4 Bxf2 46. Kxf2 Rc5 $18) 45... Ke7 46. Bxc5+ $1 ({But not} 46. Rxa4 $6 Bxf2 47. Kxf2 Ke6 $16) 46... Rxc5 47. Rxa4 {KR-KR} Rb5 48. b4 Rxe5 49. Ra2 (49. Ra7+ $18 Ke6 50. Ra6+ Ke7 51. Ra5) 49... Rb5 $16 {[#]} 50. Re2+ ({Better is} 50. Rb2 $1 $16) 50... Kf6 $11 51. Re4 Kg5 $1 52. Rf4 g6 53. hxg6 Kxg6 54. Ke3 {Strongly threatening Kd3.} Rb8 $2 {[%mdl 8192] [#]} (54... Kg5 $14) 55. Kd3 $1 $18 {[%cal Rd3c4]} f6 56. Kc4 Rc8+ 57. Kd5 {White mates.} Rb8 58. Kc6 Kg5 59. Rd4 Rc8+ 60. Kd7 Rc1 61. b5 {[%cal Bb4b5,Bb5b6][%mdl 32]} Rb1 62. Kc6 Rc1+ 63. Kd5 Rb1 64. Kc5 f5 65. gxf5 Kxf5 66. b6 Ke5 67. Rd2 Ke6 68. Kc6 Rc1+ 69. Kb7 Rb1 70. Kc7 Rc1+ 71. Kb8 Rb1 72. b7 Ke7 73. Rd4 Ke6 74. Kc7 Rc1+ 75. Kb6 Rb1+ 76. Kc6 Rb2 77. Re4+ Kf7 78. Re5 {Precision: White = 75%, Black = 45%.} 1-0

[Event "11th KIIT Festival 2018"]
[Site "Bhubaneswar"]
[Date "2018.05.30"]
[Round "8"]
[White "Akash Pc, Iyer"]
[Black "Visakh N R"]
[Result "1/2-1/2"]
[WhiteElo "2432"]
[BlackElo "2467"]
[Annotator "TA"]
[PlyCount "60"]
[EventDate "2018.??.??"]
[EventType "swiss"]
[EventCountry "IND"]
[SourceTitle "playchess.com"]
[Source "ChessBase"]
[SourceQuality "1"]

{[%evp 23,60,9,50,20,18,-8,-14,-19,-26,-21,11,22,24,20,31,26,30,22,22,29,68,68,62,26,63,64,116,127,108,27,37,28,29,25,35,25,24,0,7]} 1. d4 d5 2. c4 e6 3. Nf3 Nf6 4. g3 Bb4+ 5. Bd2 Be7 6. Bg2 O-O 7. O-O c6 8. Qc2 Nbd7 9. Bf4 b6 {[%cal Bb7b6,Bb6b5,Bb5b4,Bb4c3][%mdl 32]} 10. Rd1 Bb7 11. Ne5 Rc8 12. Nc3 b5 {LiveBook: 16 Games. E08: Closed Catalan: Main Line: 7 Qc2} (12... Nh5 13. Bd2 f5 14. Qa4 Nxe5 15. dxe5 a6 16. cxd5 cxd5 17. e3 b5 18. Qb3 g6 19. Ne2 Bc6 20. Nd4 {1-0 (42) Inarkiev,E (2709)-Riazantsev,A (2671) Doha 2016}) 13. Qb3 b4 14. c5 $146 ({Predecessor:} 14. Na4 Ba6 15. Rac1 Nxe5 16. dxe5 Bxc4 17. Qxc4 dxc4 18. Rxd8 Rfxd8 19. exf6 gxf6 20. e4 c5 21. Bf1 Rd4 22. Rxc4 Rd1 23. b3 Ra1 24. Rc2 c4 25. bxc4 Rc6 26. c5 {1-0 (26) Arat,U (2427)-Williams,A (2317) Skopje 2015}) 14... bxc3 15. Qxb7 Nxe5 16. Bxe5 Nd7 (16... Ng4 $5 {[%cal Rg4e5]} 17. bxc3 Nxe5 18. dxe5 Bxc5 $15) 17. Bf4 $1 e5 18. Bxe5 Nxe5 19. dxe5 Bxc5 20. bxc3 Qe8 21. Bh3 Rd8 22. e3 f5 23. Bg2 Rf7 24. Qa6 {c4 is the strong threat.} Bb6 ({Black should play} 24... f4 $14) 25. c4 $36 {[%mdl 2048] Strongly threatening Rac1. White has strong initiative.} Qxe5 26. c5 (26. Rac1 $16 {Hoping for c5.} Rf6 27. a4) 26... Bxc5 $11 27. Qxc6 d4 28. Rac1 Bb6 29. exd4 Bxd4 30. Re1 Qd6 $1 {Precision: White = 44%, Black = 51%.} 1/2-1/2